000 01791 a2200253 4500
005 20130516114925.0
008 080916t xxu||||| |||| 00| 0 hin d
010 _aHIN-81651 B-501327-351
020 _c100.00
_a9788190524063
035 _aHN-53997 B-501327-351
037 _bपु.प्र.अ.प्र/वितरक
037 _bकल्पना बुक डिस्ट्रीब्यूटर्स
082 _a613
100 _aश्रीवास्तव, सी.एम.
245 _aनिरोगी जीवनःस्वस्थ एवं दीर्घायु होने के सामान्य नियम तथा रोगोपचार का सरल विधान/
_cसी.एम.श्रीवास्तव
246 _aNirogi jeevan : swastha evam dhirghaayu hone ke samanya niyam tatha rogopachar ka saral vidhan
_bby C. M. Srivastav
250 _a5वां संस्क.
260 _aदिल्ली
_bमनोज पब्लिकेशन्स
_c2013
270 _a761, मेन रोड, बुराड़ी
_bदिल्ली
_e110084
_k27611116,27611349
_l27611546
_minfo@manojpublications.com
270 _a958,धामाणी मार्केट की गली चौड़ा रास्ता
_bजयपुर
300 _a371पृ
_c22 सेमी (अजिल्द)
942 _adpl
_cHN
_2ddc
_h613
_mश्रीवास्त
999 _c8799
_d8799